A reneszánsz irodalmából
Elmentve itt :
| Adatforrás: | Philobibl |
|---|---|
| Dokumentumtípus: | Könyv |
| Nyelv: | magyar |
| Kulcsszavak: | irodalom |
| Megjelent: |
Bp.
Holnap K.
1993
|
| LEADER | 00345nam a2200133 c 4500 | ||
|---|---|---|---|
| 001 | bibDOK00000304 | ||
| 005 | 20200924115649.3 | ||
| 008 | 060518s1993 hu hun | ||
| 245 | 0 | 2 | |a A reneszánsz irodalmából |
| 260 | |a Bp. |b Holnap K. |c 1993 | ||
| 300 | |a 219 p. | ||
| 500 | |a szemelvények | ||
| 500 | |a Trencsényi Borbála (összeáll.) | ||
| 695 | |a irodalom | ||